00964nam a2200241 u 450000100100000000500170001000800410002702000150006804000250008304100390010808200130014710000330016024000260019324501740021926000360039330000340042953400470046350000310051070000380054104900090057995201170058899900170070500002523120200930023639.0110211s1988 ag a r 001 0 spa d a9503703158 aDO-SdBNPbspacBNPHU17aspaheng2Código de idiomas MARC ann*bnn*1 aBrzezinski, Zbigniew.95171410aGame plan.lEspañol13aEl juego estratégico :bla conducción de la contienda entre los Estados Unidos y la Unión Soviética /cZbigniew Brzezinski ; traducción de Alejandro Tiscornia. aBuenos Aires :bPlaneta,c1988. a280, [22] p. :bil. ;c21 cm. aTítulo original en inglés :tGame plan aIncluye índice tematico.1 aTiscornia, Alejandro,etr.951715 aBNGR 001054708MOaGRbGRcCTd2011-02-11iLF1l0onn* nn*p25231-10r2020-06-25w2020-06-25y4ZPréstamo en sala c24724d24724